Statistics for Flag Close-Ups - Oceania

Click here to take the quiz!

General Stats

  • This quiz has been taken 15 times
  • The average score is 12 of 14

Answer Stats

Answer% Correct
New Zealand
100%
Papua New Guinea
100%
Australia
93%
Federated States of Micronesia
93%
Palau
93%
Vanuatu
93%
Fiji
86%
Kiribati
86%
Nauru
86%
Samoa
86%
Solomon Islands
86%
Tonga
86%
Marshall Islands
79%
Tuvalu
79%

Score Distribution

Percentile by Number Answered

Percent of People with Each Score

Your Score History

You have not taken this quiz